| 000 | 01175cam a22004097i 4500 | ||
|---|---|---|---|
| 001 | 18320059 | ||
| 003 | BD-DhUL | ||
| 005 | 20190204164635.0 | ||
| 008 | 140930s1922 pk 000 1 urd | ||
| 010 | _a 2014363303 | ||
| 020 | _a9789693526882 | ||
| 020 | _a9693526880 | ||
| 025 | _aP-U-2014363303; 11 | ||
| 037 |
_bLibrary of Congress -- Islamabad Overseas Office _cRs 400 |
||
| 040 |
_aDLC _beng _erda _cDLC _dBD-DhUL |
||
| 042 | _alcode | ||
| 050 | 0 | 0 | _aPK2199.N35+ |
| 066 |
_c(3 _c(4 |
||
| 082 |
_a891.433 _bNAE |
||
| 100 | 0 |
_6880-01 _aنزیر احمد۔ _d1836-1912, |
|
| 245 | 1 | 0 |
_6880-02 _aابن الوقت : _bناول / _cنزیر احمد۔ |
| 246 | _aIbn al-vaqt : Novel. | ||
| 264 | 1 |
_6880-03 _aLāhaur : _bSang-i Mīl Pablikeshanz, |
|
| 300 |
_a224 pages ; _c22 cm |
||
| 336 |
_atext _2rdacontent |
||
| 337 |
_aunmediated _2rdamedia |
||
| 338 |
_avolume _2rdacarrier |
||
| 500 | _aNovel. | ||
| 546 | _aIn Urdu. | ||
| 650 | 4 | _aUrdu fiction. | |
| 880 | 0 | _6100-01/(3/r | |
| 880 | 1 | 0 | _6245-02/(3/r |
| 880 | 1 | _6264-03/(3/r | |
| 906 |
_a7 _bcbc _corigode _d4 _encip _f20 _gy-nonroman |
||
| 942 |
_2ddc _cBK |
||
| 955 | _bwk23 2014-09-30 | ||
| 999 |
_c246096 _d246096 |
||